Central Library OPAC University of Rajshahi

Essentials of number theory / (Record no. 10655)

MARC details
000 -LEADER
fixed length control field 00725nam a22002537a 4500
001 - CONTROL NUMBER
control field 10655
003 - CONTROL NUMBER IDENTIFIER
rucl marc code BD-RjUL
005 - DATE AND TIME OF LATEST TRANSACTION
control field 20211208235007.0
008 - FIXED-LENGTH DATA ELEMENTS--GENERAL INFORMATION
fixed length control field 140125s2005 bg ||||| |||| 001 0 eng d
020 ## - INTERNATIONAL STANDARD BOOK NUMBER
International Standard Book Number 9843228367
035 ## - SYSTEM CONTROL NUMBER
System control number (BD-RjUL)10703
040 ## - CATALOGING SOURCE
Original cataloging agency BD-RjUL
Language of cataloging eng
Transcribing agency BD-RjUL
Modifying agency BD-RjUL
041 ## - LANGUAGE CODE
Language code of text/sound track or separate title eng
082 04 - DEWEY DECIMAL CLASSIFICATION NUMBER
Classification number 512.7
Author mark and year CHE 2005
100 1# - MAIN ENTRY--PERSONAL NAME
Personal name Chowdhury, Fatema
9 (RLIN) 32941
245 1# - TITLE STATEMENT
Title Essentials of number theory /
Statement of responsibility, etc. Fatema Chowdhury
260 ## - PUBLICATION, DISTRIBUTION, ETC. (IMPRINT)
Place of publication, distribution, etc. Dhaka :
Name of publisher, distributor, etc. Pi Publications
Date of publication, distribution, etc. 2005
300 ## - PHYSICAL DESCRIPTION
Pagination iv,224p. ;
Size 24cm.
504 ## - BIBLIOGRAPHY, ETC. NOTE
Bibliography, etc Includes index and bibliography
650 #0 - SUBJECT ADDED ENTRY--TOPICAL TERM
Topical term or geographic name as entry element Number theory.
9 (RLIN) 32942
Topical term or geographic name as entry element Mathematics
General subdivision History.
9 (RLIN) 123612
700 1# - ADDED ENTRY--PERSONAL NAME
Personal name Chowdhary, Munibur Rahman
942 ## - ADDED ENTRY ELEMENTS (KOHA)
Source of classification or shelving scheme Dewey Decimal Classification
Koha item type Books
Holdings
Lost status Source of classification or shelving scheme Damaged status Not for loan Collection code Permanent Location Current Location Shelving location Date acquired Source of acquisition Cost, normal purchase price Total Checkouts Full call number Date last seen Copy number Koha item type
  Dewey Decimal Classification     Non-fiction Central Library, University of Rajshahi Central Library, University of Rajshahi   26/02/2011 Pi publications 250.00   512.7 CHE 2005 25/01/2014 C-3 Books
  Dewey Decimal Classification     Non-fiction Central Library, University of Rajshahi Central Library, University of Rajshahi   26/02/2011 Dhaka, Pi. Publications, 250.00   512.7 CHE 2005 07/11/2016 C-2 Books